LEADER 01732nam 2200469 450 001 9910158628103321 005 20180712080855.0 010 $a1-5026-2292-0 035 $a(CKB)3710000001010204 035 $a(MiAaPQ)EBC5404910 035 $a(EXLCZ)993710000001010204 100 $a20180620d2017 ay 0 101 0 $aeng 135 $aurcnu|||||||| 181 $ctxt$2rdacontent 182 $cc$2rdamedia 183 $acr$2rdacarrier 200 10$aEarth, Sun, and Moon $ecyclic patterns of lunar phases, eclipses, and the seasons /$fDerek Miller 210 1$aNew York :$cCavendish Square Publishing,$d2017. 215 $a1 online resource (80 pages) 225 1 $aSpace systems 311 $a1-5026-2291-2 320 $aIncludes bibliographical references and index. 327 $aIntroduction: Cycles on Earth and in space -- Early predictions -- The modern understanding of lunar phases, eclipses, and seasons -- Scientists and mathematicians -- Visualizing the movements of the Earth, Sun, and Moon -- Lunar phases, eclipses, and seasons: today and tomorrow. 410 0$aSpace systems (Cavendish Square Publishing LLC) 606 $aEclipses$vJuvenile literature 606 $aAstronomy$xMathematics$vJuvenile literature 606 $aSeasons$vJuvenile literature 607 $aEarth (Planet)$xOrbit$vJuvenile literature 607 $aMoon$xPhases$vJuvenile literature 615 0$aEclipses 615 0$aAstronomy$xMathematics 615 0$aSeasons 676 $a523 700 $aMiller$b Derek L.$01244407 801 0$bMiAaPQ 801 1$bMiAaPQ 801 2$bMiAaPQ 906 $aBOOK 912 $a9910158628103321 996 $aEarth, Sun, and Moon$92887084 997 $aUNINA LEADER 01311nam0 22003371i 450 001 UON00269390 005 20231205103749.143 010 $a01-951274-7-1 100 $a20051117d2003 |0itac50 ba 101 $aeng 102 $aGB 105 $a|||| ||||| 200 1 $aRace, ethnicity and sexuality$eintimate intersection, forbidden frontiers$fJoane Nagel 210 $aOxford$cOxford University press$d2003 215 $aXII, 308 p.$cill.$d24 cm. 423 1$1001UON00375321$12001 $aIntimate intersection, forbidden frontiers 606 $aNAZIONALISMO$3UONC011122$2FI 606 $aETNICITA'$3UONC020896$2FI 606 $aSESSO$3UONC043541$2FI 606 $aRAZZA$3UONC058641$2FI 620 $aGB$dOxford$3UONL000029 620 $aUS$dNew York$3UONL000050 676 $a305.8$cGruppi razziali, etnici, nazionali$v21 700 1$aNAGEL$bJoane$3UONV158866$0690736 712 $aOxford University Press$3UONV245947$4650 801 $aIT$bSOL$c20240220$gRICA 899 $aSIBA - SISTEMA BIBLIOTECARIO DI ATENEO$2UONSI 912 $aUON00269390 950 $aSIBA - SISTEMA BIBLIOTECARIO DI ATENEO$dSI AME VI c 2.70 0360 $eSI DA 1038 5 0360 $sBuono 996 $aRace, ethnicity and sexuality$91239723 997 $aUNIOR